[Event "Baden Wuerttemberg-chT U16"]
[Site "Burg Ortenberg"]
[Date "2018.06.23"]
[Round "2.4"]
[White "Aptyka, Tim"]
[Black "Armbruster, Franz"]
[Result "1-0"]
[WhiteElo "1363"]
[BlackElo "1133"]
[PlyCount "44"]
[EventDate "2018.06.23"]
[EventType "team-tourn"]
[EventRounds "3"]
[EventCountry "GER"]
[SourceTitle "EXT 2019"]
[Source "ChessBase"]
[SourceDate "2018.10.10"]
[SourceVersion "1"]
[SourceVersionDate "2018.10.10"]
[SourceQuality "1"]
[WhiteTeam "Hohentuebingen U16"]
[BlackTeam "Gernsbach U16"]
[WhiteTeamCountry "GER"]
[BlackTeamCountry "GER"]

1. e4 e5 2. f4 d6 3. Bc4 Nf6 4. Nc3 Nc6 5. Nf3 Be6 6. Bxe6 fxe6 7. fxe5 Nxe5 8. Nxe5 dxe5 9. 0-0 Bb4 10. d3 Qd4+ 11. Kh1 0-0-0 12. Nb5 Qb6 13. a4 Nxe4 14. Qe2 Nf6 15. Qxe5 a6 16. Be3 Ng4 17. Bxb6 Nxe5 18. Nxc7 Rd6 19. a5 Rc6 20. c3 Bd6 21. Nxe6 Ng4 22. h3 Ne3 1-0